000 00504nam a22001817a 4500
005 20251108172340.0
008 250721s1995 xx 000 0 ara d
082 1 4 _a355.028/تسي
100 1 _aتسي، سون
245 1 0 _aمن الحرب /
264 1 _aالقاهره :
_bالشركة العربية للإعلام العلمي،
_c1995.
300 _a46ص
650 1 7 _aالحرب
650 1 7 _aالعلوم
650 1 7 _aالفنون العسكرية
942 _2ddc
_cBK
999 _c76899
_d76899